000 00530nam a2200181Ia 4500
008 260312s9999 xx 000 0 und d
082 _a342.3 R426t 1973 HNA
100 _aRepública Árabe Siria
_935432
245 0 _aTexto de la constitución de la República Árabe Siria.
260 _as.e.
260 _bDamasco, Siria
260 _c1973
300 _a45p.
500 _aColección Humberto Nogueira Alcalá
650 _aDerecho constitucional
_91698
650 _aRepública Arabe Siria
_935433
942 _2ddc
_cLIBRO
999 _c20243
_d20243